Statistics for 12 Months in 15 Seconds!

Click here to take the quiz!

General Stats

  • This quiz has been taken 162 times
  • The average score is 7 of 12

Answer Stats

Answer% Correct
January
90%
April
80%
June
80%
March
78%
February
75%
May
75%
July
70%
August
60%
October
38%
September
38%
November
30%
December
20%

Score Distribution

Percentile by Number Answered

Percent of People with Each Score

Your Score History

You have not taken this quiz